000 00687nam a2200277Ia 4500
005 20250425162640.0
008 250425s9999 xx 000 0 und d
020 _a9786073217224
041 _aspa
043 _amx
082 _a658.8
100 _aKOTLER, PHILIP.
245 0 _aFUNDAMENTOS DE MARKETING
250 _a11 ED
260 _aMéxico
_bPEARSON EDUCACION
_c2013
260 _aS.L.
300 _a506
500 _aILUSTRADO
500 _aTítulo Traducido: MARKETING AN INTRODUCTION
650 _aESTRATEGIA COMPETITIVA
650 _aMARKETING
700 _aASTRI MUES ZEPEDA
_etraductor
710 _aPEARSON EDUCACION
942 _c01
010 _a93855
999 _c233582
_d233582